000 00732nam a2200289Ia 4500
005 20260324133239.0
008 008 260324s9999 xx 000 0 eng d
020 _a9780203862537
037 _aEBOOK
040 _aCRL
040 _beng
040 _cCRL
041 _2eng
041 _aeng
084 _qCRL
100 _aRev Thomas Culbertson; Gregory Collins; Harold G Koenig
_91192359
245 0 _aMental Illness and Psychiatric Treatment
245 2 _bA Guide for Pastoral Counselors
260 _bTaylor and Francis
260 _c2003
365 _a
365 _b170
856 _uhttp://www.taylorfrancis.com/books/9780203862537
942 _cEBOOK
999 _c1791234
_d1791234